| 000 | 00690nam a2200217 u 4500 | ||
|---|---|---|---|
| 005 | 20240307063618.0 | ||
| 008 | 171013s2007 ea 000 0 spa d | ||
| 020 | _a1404266003 | ||
| 035 | _aUPN01000220948 | ||
| 049 | _aI | ||
| 050 | 4 |
_aLB3032 _bJ3.7 |
|
| 100 | 1 |
_aJames, Lincoln _942025 |
|
| 245 | 1 | 0 |
_aSalvador y el reloj despertador / _cLincoln James ; tr. José María Obregón. |
| 260 |
_aNew York : _bRosen Classroom Books & Materials, _c2007. |
||
| 300 |
_a8 p. : _bprincipalmente il. col. |
||
| 440 | 0 |
_aLecturas del barrio. _pPerspectiva |
|
| 650 | 4 |
_aHORARIOS ESCOLARES _922697 |
|
| 650 | 4 |
_aTiempo _vLiteratura infantil _923602 |
|
| 905 | _aInfantil | ||
| 999 |
_c193047 _d193047 |
||